000 00519nam a2200193 4500
003 OSt
005 20240715032231.0
006 a
008 240715b |||||||| |||| 00| 0 eng d
020 _a0814621988
040 _aDWCL-Main lib.
_cOC
082 _aCirc. 230 R516 1992
100 _aRichards, Hubert
245 _aWhat Christians believe /
260 _aCollegeville, Minn. :
_bThe Liturgical Press,
_cc1992.
300 _b72 p. : ill. ;
_c21 cm.
650 _a1. Theology.
942 _2ddc
_n0
_cBK-CIRC
_kCirc.
999 _c2169
_d2169